Two-Letter Country Pairs - Statistics

General Stats
  • This quiz has been taken 87 times
  • The average score is 16 of 20
Answer Stats
letters country % Correct
PO Poland
99%
JA Jamaica
96%
AR Argentina
93%
AL Algeria
90%
JA Japan
90%
AL Albania
88%
BR Brazil
88%
AR Armenia
87%
PO Portugal
85%
GA Gabon
84%
NA Namibia
84%
TO Togo
84%
GA Gambia
82%
LA Latvia
78%
TO Tonga
78%
LA Laos
75%
BR Brunei
73%
SI Singapore
72%
NA Nauru
70%
SI Sierra Leone
49%
No matching quizzes found
Score Distribution
Percent of People with Each Score
Percentile by Number Answered
Your Score History
You have not taken this quiz